[Event "Mid Bohemia Region-chT 2223"]
[Site "Czech Republic"]
[Date "2023.03.19"]
[Round "10.5"]
[White "Vavra, Stanislav"]
[Black "Zak, Zbynek"]
[Result "1/2-1/2"]
[WhiteElo "1917"]
[BlackElo "1928"]
[PlyCount "30"]
[EventDate "2022.10.09"]
[EventType "team-tourn"]
[EventRounds "11"]
[EventCountry "CZE"]
[SourceTitle "EXT 2024"]
[Source "ChessBase"]
[SourceDate "2023.10.10"]
[SourceVersion "1"]
[SourceVersionDate "2023.10.10"]
[SourceQuality "1"]
[WhiteTeam "Vlasim II"]
[BlackTeam "Nymburk Sokol"]
[WhiteTeamCountry "CZE"]
[BlackTeamCountry "CZE"]

1. e4 d5 2. exd5 Nf6 3. d4 Qxd5 4. Nc3 Qa5 5. Bc4 c6 6. Nf3 Bg4 7. h3 Qh5 8. Be2 e6 9. Bf4 Nbd7 10. Qd2 Bb4 11. a3 Bxf3 12. axb4 Bxe2 13. Nxe2 Qg6 14. 0-0 Nb6 15. b3 Ne4 1/2-1/2